00944 2200325 4500001002100000005001500021035002000036007000300056040001700059100003000076245009800106250001100204300003300215020002200248041000800270082001700278084001700295090002500312264003300337336002100370337003000391338002300421650001300444700004400457850001000501008004100511990002200552990002200574990002200596INLIS00000000000990220260413082835 a0010-0123000229ta aSBPUPADbind0 aIgrea SiswantoePengarang1 aAsyiknya Belajar Mewarnai Untuk Anak Usia Dini /cIgrea Siswanto.; Editor Sisilia Triana Dewi acet.10 aiv 52 hlm. :bilus. ;c21 cm a978-979-29-4193-707aind a011.62 IGR a a011.62 IGR a a011.62 IGR a RA 28-2 aYogyakarta :bRainbow,c2014 2rdacontentaTeks 2rdamediaatanpa perantara 2rdacarrieravolume 4aMewarnai0 aEditor.; Sisilia Triana DewiePengarang aPUPAD260413 1  a27.857/P/DPK/2018 a27.859/P/DPK/2018 a28.419/P/DPK/2018